000 00611nam a22001937a 4500
999 _c16710
_d16710
003 AR-CdUCM
008 190328b ||||| |||| 00| 0 spa d
040 _aMUNICIPALIDAD PROVINCIAL DEL CUSCO
_cBIBLIOTECA MUNICIPAL DEL CUSCO
082 _a869.55 /
_bP26
100 _aPardo y Aliaga, Felipe
_926521
245 _aFrutos de la educación :
_bComedia en tres actos en verso /
260 _aLima :
_bRocarme,
_c1971.
300 _a133 páginas ;
_c18 cm.
505 _aContenido : Comedia ...
650 _aComedia
_92607
650 _aEn tres actos
_936307
942 _2ddc
_cLIBROS
945 _arah
_d04/05/2019